| 000 | 01041nam0a22003491 4500 | ||
|---|---|---|---|
| 001 | v19\rc\1802886 | ||
| 005 | 20250619123452.0 | ||
| 035 | _a(NLR Aleph) 004904538 | ||
| 090 |
_a5411266 _c5411266 |
||
| 100 | _a20071224d1906 |||y0rusy50 ca | ||
| 101 | 0 | _arus | |
| 102 | _aRU | ||
| 105 | _ay z |||c| | ||
| 200 | 1 |
_aБорец за правду Иероним Саванаролла _eИст. очерк Н.Н. Гусева |
|
| 210 |
_aМосква _cПосредник _d1906 |
||
| 215 |
_a63 с. _d20 |
||
| 300 | _aНа тит. л.: № 555 | ||
| 700 | 1 |
_aГусев _bН.Н. _f1882-1967 _gНиколай Николаевич |
|
| 702 | 0 |
_aСаванаролла _4570 |
|
| 801 | 0 |
_aRU _bNLR _gpsbo |
|
| 801 | 0 |
_aRU _bRuMoRGB _2psbo |
|
| 801 | 1 |
_aRU _bProSoft-M _2rusmarc |
|
| 852 |
_aNLR _j34.84.7.20 |
||
| 899 |
_aRuMoRGB _jA 245/841 |
||
| 899 |
_aRuMoRGB _jW 525/1161 |
||
| 899 |
_aRuMoRGB _jРб 15/877 |
||
| 899 |
_aRuMoRGB _jМК |
||
| 899 | _aБАН | ||
| 899 | _aГПИБ | ||
| 899 | _aНБ МГУ | ||
| 942 | _cBOOK | ||
| 980 | _aNB | ||